000 00396cam a22001337a 4500
008 180718b1968 xxu||||| |||| 00| 0 eng d
082 _aB20 Se42
100 _aSeidler, G.L.
245 _aEmergence of the eastern world : seven essay on political ideas
_cby G,L,Seidler
260 _aOxford
_bPergamobn press
_c1968
300 _axi,260p.
500 _a80/-
650 _aPolitical science --History
999 _c420245
_d420245